000
00313pab a2200133 454500
008
180718b xxu||||| |||| 00| 0 eng d
100
_a
Neena
245
_a
Cultural regionalism and Hindi nationalism
650
_a
Regionalism
650
_a
Culture
650
_a
Nationalism
773
_a
JNU News
909
_a
23141
999
_c
23141
_d
23141